000 00646nam a22002297a 4500
003 UA-OsUOA
001 25975
007 ta
008 20040506b un ||||| |||| 00| 0 ukr d
100 _aШуляк П.
090 _a330(477)
_bШ95
942 _cSA
040 _aUA-OsUOA
_bukr
_cUA-OsUOA
_dUA-OsUOA
245 _aКазначейство як система виконання бюджету Укаїни
300 _aС.15-20
955 _a0
041 _aukr
080 _a330(477)
044 _aUA
773 0 _w0
_tЕкономіка. Фінанси. Право.
_dК.
_d2004
_g№3
650 7 _aЕкономіка України
_2UDC
999 _c312281
_d312281